LEADER 02105nam 2200517 450 001 9910808231503321 005 20180613002837.0 010 $a1-4758-2117-4 035 $a(CKB)3710000000531224 035 $a(EBL)4185174 035 $a(OCoLC)931539985 035 $a(SSID)ssj0001581344 035 $a(PQKBManifestationID)16257093 035 $a(PQKBTitleCode)TC0001581344 035 $a(PQKBWorkID)14862139 035 $a(PQKB)11185160 035 $a(MiAaPQ)EBC4185174 035 $a(EXLCZ)993710000000531224 100 $a20151027h20162016 uy| 0 101 0 $aeng 135 $aur|n|---||||| 181 $ctxt 182 $cc 183 $acr 200 10$aEvery child, every day $eachieving zero dropouts through performance-based education /$fMichael K. Raible 210 1$aLanham :$cRowman & Littlefield,$d[2016] 210 4$dİ2016 215 $a1 online resource (151 p.) 300 $aDescription based upon print version of record. 311 $a1-4758-2115-8 311 $a1-4758-2114-X 320 $aIncludes bibliographical references. 327 $aContents; Foreword; Preface; Chapter One: The Six Spokes of the Wheel; Chapter Two: Accelerated Learning; Chapter Three: Continuous Assessment; Chapter Four: Virtual School and Early College; Chapter Five: e-library; Chapter Six: Early Release Fridays for Professional Development; Chapter Seven: Ubiquitous Technology; Chapter Eight: Career Pathways; Chapter Nine: S.T.A.R.S.; Chapter Ten: Student Ambassadors; Chapter Eleven: Response to Intervention; Chapter Twelve: Innovative Staffing; Chapter Thirteen: Continuous Validation; Chapter Fourteen: Collaboration; The Beginning; About the Author 606 $aCompetency-based education 606 $aDropouts$xPrevention 615 0$aCompetency-based education. 615 0$aDropouts$xPrevention. 676 $a379.1/55 700 $aRaible$b Michael K.$01708320 801 0$bMiAaPQ 801 1$bMiAaPQ 801 2$bMiAaPQ 906 $aBOOK 912 $a9910808231503321 996 $aEvery child, every day$94103890 997 $aUNINA LEADER 04207nam 2200997 450 001 9910815246703321 005 20230803021736.0 010 $a0-520-95651-6 024 7 $a10.1525/9780520956513 035 $a(CKB)2550000001123646 035 $a(EBL)1429398 035 $a(OCoLC)862030505 035 $a(SSID)ssj0001190078 035 $a(PQKBManifestationID)11813157 035 $a(PQKBTitleCode)TC0001190078 035 $a(PQKBWorkID)11189310 035 $a(PQKB)10192375 035 $a(DE-B1597)519579 035 $a(DE-B1597)9780520956513 035 $a(Au-PeEL)EBL1429398 035 $a(CaPaEBR)ebr10773730 035 $a(CaONFJC)MIL525363 035 $a(MiAaPQ)EBC1429398 035 $a(EXLCZ)992550000001123646 100 $a20131018e20132001 uy| 0 101 0 $aeng 135 $aur|n|---||||| 181 $ctxt 182 $cc 183 $acr 200 00$aAutobiography of Mark Twain$hVolume 2 /$fBenjamin Griffin and Harriet Elinor Smith, editors ; associate editors, Victor Fischer [and three others] 210 1$aBerkeley :$cUniversity of California Press,$d[2013] 210 4$dİ2001 215 $a1 online resource (773 p.) 225 1 $aMark Twain papers 300 $a"A publication of the Mark Twain Project of the Bancroft Library." 311 $a0-520-27278-1 311 $a1-299-94112-5 320 $aIncludes bibliographical references and index. 327 $tFrontmatter --$tCONTENTS --$tList of Dictations --$tAcknowledgments --$tAUTOBIOGRAPHY OF MARK TWAIN. Part 1 --$tAUTOBIOGRAPHY OF MARK TWAIN. Part 2 --$tExplanatory Notes --$tAppendixes --$tNote on the Text --$tWord Division in This Volume --$tReferences --$tIndex 330 $aMark Twain's complete, uncensored Autobiography was an instant bestseller when the first volume was published in 2010, on the centennial of the author's death, as he requested. Published to rave reviews, the Autobiography was hailed as the capstone of Twain's career. It captures his authentic and unsuppressed voice, speaking clearly from the grave and brimming with humor, ideas, and opinions. The eagerly-awaited Volume 2 delves deeper into Mark Twain's life, uncovering the many roles he played in his private and public worlds. Filled with his characteristic blend of humor and ire, the narrative ranges effortlessly across the contemporary scene. He shares his views on writing and speaking, his preoccupation with money, and his contempt for the politics and politicians of his day. Affectionate and scathing by turns, his intractable curiosity and candor are everywhere on view. Editors: Benjamin Griffin and Harriet E. Smith Associate Editors: Victor Fischer, Michael B. Frank, Sharon K. Goetz and Leslie Diane Myrick   410 0$aMark Twain Papers 606 $aAuthors, American$y19th century$vBiography 610 $a19th century. 610 $aamerica. 610 $aamerican authors. 610 $aamerican literature. 610 $aautobiography. 610 $acuriosity. 610 $aeurope. 610 $afamous authors. 610 $ahuckleberry finn. 610 $ahumorist. 610 $ahumorous. 610 $alecturer. 610 $alegendary writer. 610 $alife changes. 610 $alit students. 610 $aliterary career. 610 $aliterary criticism. 610 $aliterary critics. 610 $aliterary figures. 610 $aliterature studies. 610 $amark twain papers. 610 $amark twain. 610 $amemoirs. 610 $anonfiction. 610 $anovelist. 610 $aprivate life. 610 $apublic image. 610 $asamuel clemens. 610 $atom sawyer. 610 $atwain scholars. 615 0$aAuthors, American 676 $a773 700 $aTwain$b Mark, $4aut$4http://id.loc.gov/vocabulary/relators/aut.$027404 701 $aGriffen$b Benjamin$01694336 701 $aSmith$b Harriet Elinor$01623028 701 $aFischer$b Victor$01638254 801 0$bMiAaPQ 801 1$bMiAaPQ 801 2$bMiAaPQ 906 $aBOOK 912 $a9910815246703321 996 $aAutobiography of Mark Twain$94072821 997 $aUNINA